Nations that Do Not Have Extradition Treaty with US - Grouped by Continent - Statistics

General Stats
  • This quiz has been taken 48 times
  • The average score is 50 of 80
Answer Stats
Continent Answer % Correct
Asia China
88%
Europe Russia
85%
Africa Algeria
80%
Africa Angola
78%
Asia Iran
78%
Africa Tunisia
78%
Africa Chad
76%
Africa Dem Rep of the Congo
76%
Africa Libya
76%
Africa Sudan
76%
Europe Belarus
73%
Asia North Korea
73%
Asia Saudi Arabia
73%
Africa South Sudan
73%
North America Cuba
71%
Europe Kosovo
71%
Africa Mali
71%
Africa Niger
71%
Europe Serbia
71%
Europe Ukraine
71%
Asia United Arab Emirates
71%
Africa Morocco
68%
Asia Oman
68%
Asia Syria
68%
Africa Togo
68%
Asia Vietnam
68%
Asia Yemen
68%
Asia Afghanistan
66%
Africa Central African Republic
66%
Africa Eritrea
66%
Africa Guinea
66%
Asia Bahrain
63%
Africa Ethiopia
63%
Asia Kuwait
63%
Africa Rwanda
63%
Africa Somalia
63%
Africa Burkina Faso
61%
Asia Cambodia
61%
Africa Comoros
61%
Africa Djibouti
61%
Asia Indonesia
61%
Asia Kazakhstan
61%
Asia Laos
61%
Africa Mozambique
61%
Africa Namibia
61%
Asia Nepal
61%
Asia Qatar
61%
Africa Senegal
61%
Europe Bosnia and Herzegovina
59%
Africa Mauritania
59%
Europe Moldova
59%
Europe Montenegro
59%
Asia Uzbekistan
59%
Europe Vatican City
59%
Asia Bhutan
56%
Africa Cameroon
56%
Africa Gabon
56%
Africa Guinea-Bissau
56%
Asia Lebanon
56%
Europe Macedonia
56%
Asia Maldives
56%
Asia Mongolia
56%
Africa Sao Tome & Principe
56%
Asia Taiwan
56%
Africa Uganda
56%
Africa Botswana
54%
Europe Croatia
54%
Africa Madagascar
54%
Europe Andorra
49%
Asia Armenia
49%
Africa Cote d'Ivoire
49%
Africa Equatorial Guinea
49%
North America Mexico
46%
Asia Brunei
44%
Africa Cape Verde
44%
Oceania Fed States of Micronesia
41%
Oceania Vanuatu
41%
Oceania Samoa
39%
Asia Bangladesh
37%
Oceania Marshall Islands
37%
No matching quizzes found
Score Distribution
Percent of People with Each Score
Percentile by Number Answered
Your Score History
You have not taken this quiz